| 000 | 01855cam a22004097i 4500 | ||
|---|---|---|---|
| 999 |
_c56482 _d56482 |
||
| 001 | 18660947 | ||
| 003 | GE_BSU | ||
| 005 | 20191007152341.0 | ||
| 008 | 150616s2015 nyua 000 0 eng d | ||
| 010 | _a 2014466883 | ||
| 020 | _a1476784922 | ||
| 020 | _a9781476784922 | ||
| 035 | _a(OCoLC)ocn889642543 | ||
| 040 |
_aYDXCP _beng _cYDXCP _erda _dBTCTA _dBDX _dOCLCQ _dSFR _dOCLCO _dUPZ _dRB0 _dOCLCF _dMEAUC _dAHS _dDLC |
||
| 042 | _alccopycat | ||
| 050 | 0 | 0 |
_aNA687 _b.K87 2015 |
| 082 | 0 | 4 | _a721 K-90 |
| 100 | 1 |
_aKushner, Marc, _eauthor. _94581 |
|
| 245 | 1 | 4 |
_aThe future of architecture in 100 buildings / _cby Marc Kushner ; edited by : Jennifer Krichels. |
| 250 | _aFirst TED Books hardcover edition. | ||
| 264 | 1 |
_aNew York : _bTED Books/Simon & Schuster, _c2015. |
|
| 300 |
_axi, 152 pages : _bcolor illustrations ; _c19 cm |
||
| 336 |
_atext _btxt _2rdacontent |
||
| 337 |
_aunmediated _bn _2rdamedia |
||
| 338 |
_avolume _bnc _2rdacarrier |
||
| 500 | _a"A TED original." | ||
| 520 | _aThe founder of Architizer.com and practicing architect draws on his unique position at the crossroads of architecture and social media to highlight 100 important buildings that embody the future of architecture. | ||
| 650 | 0 |
_aArchitecture, Modern _y21st century. _94582 |
|
| 653 | _aნაგებობები. პროექტირება | ||
| 700 | 1 |
_aKrichels, Jennifer, _eeditor. _94583 |
|
| 856 | 4 | 2 |
_3Contributor biographical information _uhttp://www.loc.gov/catdir/enhancements/fy1511/2014466883-b.html |
| 856 | 4 | 2 |
_3Publisher description _uhttp://www.loc.gov/catdir/enhancements/fy1511/2014466883-d.html |
| 856 | 4 | 1 |
_3Sample text _uhttp://www.loc.gov/catdir/enhancements/fy1511/2014466883-s.html |
| 906 |
_a7 _bcbc _ccopycat _d2 _encip _f20 _gy-gencatlg |
||
| 942 |
_2udc _cBK |
||
| 955 |
_brk07 2015-06-16 z-processor _irk07 2015-06-16 to CALM |
||